| 000 | 00570nam a22001813 4500 | ||
|---|---|---|---|
| 001 | 201913 | ||
| 090 | _a201913 | ||
| 100 | _a20260422d u||y0pory50 ba | ||
| 200 |
_aThe Ghost e Francisco Solano Constńcio _fMaria Leonor Machado de Sousa |
||
| 205 | _a1® | ||
| 210 |
_aLisboa _cUniversidade Nova de Lisboa _d1978 |
||
| 215 |
_a377 p. _cil. ; brochado _d21 cm |
||
| 606 |
_93661 _aCrt̕ica Literr̀ia.Estudos Literr̀ios |
||
| 675 |
_a82.09 _vPT _zpor |
||
| 700 |
_97007 _aSousa _bMaria Leonor Machado de _f1932-2021 |
||
| 801 |
_aPT _bBMMN _gRPC |
||
| 830 | _cVanda | ||
| 990 | _cLIVROS | ||